| 000 | 00971nam a2200205Ia 4500 | ||
|---|---|---|---|
| 999 |
_c37732 _d37732 |
||
| 001 | 3707 | ||
| 003 | GE_BSU | ||
| 005 | 20190620140652.0 | ||
| 008 | 181216s||||||||xx |||||||||||||| ||und|| | ||
| 040 | _cGE_BSU | ||
| 080 | _a591.9(479.223) ა–95 | ||
| 245 |
_aაჭარის ფაუნის რეესტრი = The Register of the Fauna of Adjara / _cსამეც. რედ. ა. ბუხნიკაშვილი; ილიას სახ. უნ–ტი; ზოოლოგიის ინ–ტი |
||
| 264 |
_aთბილისი, _c2012 |
||
| 300 |
_a709 გვ. ; _b29 სმ. |
||
| 653 | _aაჭარის ფაუნა | ||
| 653 | _aაჭარის ცხოველთა სამყარო | ||
| 700 |
_aბუხნიკაშვილი, ა. _eრედაქტორი _92641 |
||
| 710 |
_aილიას სახელმწ. უნ-ტი _bზოოლოგიის ინ-ტი _92648 |
||
| 942 |
_cBK _2udc |
||